El merchandising: rentabilidad y gestión del punto de venta

Guardat en:
Dades bibliogràfiques
Autors principals: Masson, Jean-Emile (autor), Wellhoff, Alain (Autor)
Format: Llibre
Idioma:espanyol
Publicat: Bilbao Deusto 1987
Matèries:
Etiquetes: Afegir etiqueta
Sense etiquetes, Sigues el primer a etiquetar aquest registre!

MARC

LEADER 00000nam a2200000 a 4500
001 UCW8719
003 CL-VaPUC
008 881025e19870000SP |||||||||||||||||spa|d
082 0 4 |a 658.8  |b MAS  |2 21 
100 |a Masson, Jean-Emile  |e autor  |9 527112 
700 0 |a Wellhoff, Alain  |e author  |9 313954 
245 1 3 |a El merchandising: rentabilidad y gestión del punto de venta 
300 |a 162 p 
942 |c BK 
945 |d 19881025 00:00:00 
260 |a Bilbao  |b Deusto  |c 1987 
650 0 |a Comercialización   |9 259326 
583 |a last modification  |c 19881025 00:00:00  |k Rodrigo Vera 
999 |c 221008  |d 221006 
952 |0 0  |1 0  |4 0  |6 658_800000000000000_MAS_1987  |7 0  |8 A  |9 213894  |a BIBENE  |b BIBENE  |d 2019-11-15  |i 2613123  |o 658.8 MAS 1987  |p 2613123  |r 2025-01-15  |w 2019-11-15  |y BK  |k ICO